Windows 98 networking

Bibliographic Details
Main Authors: Shimmin, Bradley F. (Author), Klinger, Steven P. (Author)
Format: Book
Published: Berkeley, Calif. : Osborne/McGraw-Hill , c1998
Series:Network professional's library
Subjects:

MARC

LEADER 00000cam a2200000 7i4500
001 0000002202
005 20041228093000.0
008 021118s1998
020 |a 0078825512 
090 0 0 |a TK5105.5   |b .S477 1999 
100 0 |a Shimmin, Bradley F. ,   |e author 
245 0 0 |a Windows 98 networking   |c Bradley F. Shimmin, Steven P. Klinger 
260 2 |a Berkeley, Calif. :   |b Osborne/McGraw-Hill ,   |c c1998 
300 |a xxiii, 584 p. :   |b ill. ;   |c 24 cm. 
440 0 0 |a Network professional's library   |b Windows NT 
504 |a Includes index 
630 0 0 |a Microsoft Windows (Computer file) 
650 0 |a Computer networks 
650 0 |a Operating systems (Computers) 
700 0 |a Klinger, Steven P. ,   |e author 
999 |a 1000078765   |b Book   |c OPEN SHELF (30 DAYS)   |e Tembila Campus